Molecular computational models : unconventional approaches

Saved in:
Bibliographic Details
Main Author: Gheorghe, Marian
Format: Book
Language:Undetermined
Published: London IDEA Group Publishing 2005
Subjects:
Tags: Add Tag
No Tags, Be the first to tag this record!
Institutions: Trung tâm Học liệu Trường Đại học Cần Thơ
LEADER 00584nam a2200193Ia 4500
001 CTU_117942
008 210402s9999 xx 000 0 und d
082 |a 570.11 
082 |b G412 
100 |a Gheorghe, Marian 
245 0 |a Molecular computational models : unconventional approaches 
245 0 |c Marian Gheorghe 
260 |a London 
260 |b IDEA Group Publishing 
260 |c 2005 
650 |a molecular biology,computers, molecular,computer simulation 
650 |x mathematical models 
904 |i Năm 
980 |a Trung tâm Học liệu Trường Đại học Cần Thơ